Интегрированные коммуникации: учебник для вузов

Detaylı Bibliyografya
Diğer Yazarlar: Сагинова О. В. Ольга Витальевна (редактор)
Özet:Учебник создан в соответствии с требованиями Федерального государственного образовательного стандарта по направлению подготовки «Реклама и связи с общественностью» (квалификация «бакалавр»). Рассмотрены современное состояние маркетинговых коммуникаций как процесс передачи информации о товаре, услуге, организации, идее или иной ценности целевой аудитории, а также взаимодействия субъектов рынка при принятии тактических и стратегических решений в маркетинговой деятельности компании, предприятия, интеграции (объединения) информационных каналов и потоков в рамках концепции воздействия на потребителя. Раскрыты значение рекламы и связей с общественностью в интегрированных коммуникациях, новые виды и средства коммуникаций, их эффективность и пути ее повышения, организация деятельности коммуникационных агентов. Освещены вопросы планирования интегрированных коммуникаций и их исследования. Для студентов учреждений высшего образования.
Dil:Rusça
Baskı/Yayın Bilgisi: Москва, Академия, 2014
Seri Bilgileri:Высшее образование. Бакалавриат
Реклама и связи с общественностью
Konular:
Materyal Türü: Kitap
KOHA link:https://koha.lib.tpu.ru/cgi-bin/koha/opac-detail.pl?biblionumber=263989

MARC

LEADER 00000nam0a2200000 4500
001 263989
005 20231101233805.0
010 |a 9785446803361 
035 |a (RuTPU)RU\TPU\book\286980 
090 |a 263989 
100 |a 20140616d2014 m y0rusy50 ca 
101 0 |a rus 
102 |a RU 
105 |a a j 001zy 
200 1 |a Интегрированные коммуникации  |e учебник для вузов  |f под ред. О. В. Сагиновой 
210 |a Москва  |c Академия  |d 2014 
215 |a 320 с.  |c ил. 
225 1 |a Высшее образование. Бакалавриат 
225 1 |a Реклама и связи с общественностью 
320 |a Библиогр.: с. 316-317. 
320 |a Словарь терминов: с. 310-315. 
330 |a Учебник создан в соответствии с требованиями Федерального государственного образовательного стандарта по направлению подготовки «Реклама и связи с общественностью» (квалификация «бакалавр»). Рассмотрены современное состояние маркетинговых коммуникаций как процесс передачи информации о товаре, услуге, организации, идее или иной ценности целевой аудитории, а также взаимодействия субъектов рынка при принятии тактических и стратегических решений в маркетинговой деятельности компании, предприятия, интеграции (объединения) информационных каналов и потоков в рамках концепции воздействия на потребителя. Раскрыты значение рекламы и связей с общественностью в интегрированных коммуникациях, новые виды и средства коммуникаций, их эффективность и пути ее повышения, организация деятельности коммуникационных агентов. Освещены вопросы планирования интегрированных коммуникаций и их исследования. Для студентов учреждений высшего образования. 
606 1 |a Интегрированные коммуникации  |x Реклама  |2 stltpush  |3 (RuTPU)RU\TPU\subj\73502  |9 86464 
610 1 |a рекламные коммуникации 
610 1 |a связи с общественностью 
610 1 |a маркетинговые коммуникации 
610 1 |a эффективность 
610 1 |a планирование 
610 1 |a исследования 
610 1 |a коммуникационные агентства 
610 1 |a кейсы 
610 1 |a деловые ситуации 
610 1 |a учебники 
675 |a 659(075.8)  |v 3 
702 1 |a Сагинова  |b О. В.  |g Ольга Витальевна  |4 340 
801 1 |a RU  |b 63413507  |c 20140616 
801 2 |a RU  |b 63413507  |c 20150707  |g RCR 
900 |a Маркетинговые коммуникации 
900 |a Реклама в коммуникационном процессе 
942 |c BK 
954 |b 031600  |l 8.1 
959 |a 106/20140616  |d 5  |e 461,00  |f ЧЗГЛ:1  |f АНЛ:1  |f УФ:3